| 000 | 01627nam a22002177a 4500 | ||
|---|---|---|---|
| 999 |
_c6506 _d6506 |
||
| 003 | GBCCL | ||
| 005 | 20241126110604.0 | ||
| 008 | 180516b ||||| |||| 00| 0 eng d | ||
| 040 | _cGBC | ||
| 082 |
_a253.0202 _bADA |
||
| 100 |
_aAdams, Jay Edward _9577 |
||
| 245 |
_aShepherding God's flock : _b a handbook on pastoral ministry, counseling, and leadership _cJay Edward Adams |
||
| 260 |
_c1986 _aGrand Rapids, MI : _bZondervan |
||
| 300 | _a 3 volumes in 1. | ||
| 505 | _aShepherding God's Flock is both a textbook for students of pastoral ministry and a handbook for pastors. Jay Adams is well-known for his practical and thorough approach to the many issues of Christian counseling. That same practicality and thoroughness is found in this unparalleled handbook on pastoral ministry. Not only does it offer pastors one of the best resources in print, but it also provides church elders with an orientation and practical guide to aspects of ministry for which they have responsibility. It is truly a shepherd's handbook. The book is divided into three parts. Pastoral Life deals with the pastor, his calling, and the general care he provides the flock. Pastoral Counseling provides an overview of the task and a general approach for pastoral counselors. Pastoral Leadership offers a perspective on the ways the pastor can lead the church in its many tasks and responsibilities. | ||
| 505 | _av. 1. The pastoral life -- v. 2. Pastoral counseling -- v. 3. Pastoral leadership. | ||
| 650 |
_aPastoral theology. _9414 |
||
| 650 |
_aPastoral counseling. _9547 |
||
| 650 |
_aChristian leadership. _91568 |
||
| 942 |
_2ddc _cBK _07 |
||